| 000 | 00544nam a22001217a 4500 | ||
|---|---|---|---|
| 040 | _cRUA | ||
| 082 | _aANS MEA 2018 B648 Or.1 | ||
| 100 | _aMEAS KUNTHEA មាស គន្ធា | ||
| 245 | _aeffect of thyymol supplementation to concentrated feed on growth perfrommance of quails ឥទ្ធិពលនៃការបន្ថែម THYMOL ក្នុងចំណីសម្រេចទៅលើការលូតលាស់របស់ក្រួច | ||
| 260 |
_aRUA _bPhnom penh _c2018 |
||
| 300 |
_axi;44p _bill; _c29cm |
||
| 942 | _cANS | ||
| 999 |
_c18262 _d18262 |
||